000 00293nam a22001337a 4500
008 181009b xxu||||| |||| 00| 0 eng d
020 _a9780321652744
041 _aeng
080 _a510
100 _a36
101 _aMAT
245 _aDevelopmental Mathematics
_cGay, E.M
942 _2udc
_cBK
999 _c49183
_d49183